Target costing: a management accounting strategic tool

Salvato in:
Dettagli Bibliografici
Autore principale: Lajoš, Branislav
Natura: Capitolo di libro
Lingua:inglese
Tags: Aggiungi Tag
Nessun Tag, puoi essere il primo ad aggiungerne!!

MARC

LEADER 00000nla$a2200000$$$4500
001 0064751
005 20240502071748.4
041 0 |a eng 
044 |a SK 
245 1 0 |a Target costing: a management accounting strategic tool  |c Branislav Lajoš 
100 1 |a Lajoš, Branislav